000 00501nam a2200193 a 4500
001 1767414371032
003 YourLibrary
005 20260103103038.0
008 260103s2004##################000#0#eng##
020 _a9780140449525
082 0 4 _a296.155
_bVER
100 1 _aVermes, Geza,
_eauthor.
245 1 0 _aThe Complete Dead Sea Scrolls in English :
260 _bePenguin,
_c2004.
300 _a724 pages
650 0 _aReligion.
942 _cENGLISH
040 _aYourLibrary
_beng
_cYourLibrary
999 _c606886
_d606886